Grammatica Chaldaea
| Format: | Book |
|---|---|
| Language: | Latin Syriac, Modern Aramaic |
| PhysicalDescription: | 2 nečíslované listy, 198 strán 2° |
| Subjects: |
MARC
| LEADER | 00000nam a2200000 4500 | ||
|---|---|---|---|
| 001 | vtls012068413 | ||
| 003 | SK-MaSNL | ||
| 005 | 20260526091947.0 | ||
| 008 | 251112k1500 xx f 00000 lat | ||
| 015 | |a SNBHFA | ||
| 040 | |a SNKHF |b slo |c SNKHF |e rda | ||
| 041 | 0 | |a lat |a syr |a arc | |
| 044 | |a xx |c XX | ||
| 072 | 7 | |a 81 |x Lingvistika. Jazyky |2 konspekt | |
| 080 | |a 81 |2 2011 | ||
| 080 | |a =411.172.3 |2 2011 | ||
| 080 | |a 81`36 |2 2011 | ||
| 130 | 0 | |a Grammatica |9 530465 | |
| 245 | 1 | 0 | |a Grammatica Chaldaea |
| 264 | 3 | |a [Miesto tlače nie je známe] |b [Tlačiar nie je známy] |c [16. storočie] | |
| 300 | |a 2 nečíslované listy, 198 strán |c 2° | ||
| 336 | |a text |b txt |2 rdacontent | ||
| 337 | |a bez média |b n |2 rdamedia | ||
| 338 | |a zväzok |b nc |2 rdacarrier | ||
| 500 | |a Iniciálka s ornamentálnym a figurálnym pozadím vo voľnom priestore na 5riadkov, kniha je v inverznom formáte, teda odzadu dopredu | ||
| 501 | |a Príväzok 5. k: ARIAS MONTANO, Benito. Commvnes Et Familiares Hebraicae Lingvae Idiotismi. Antverpiae: Excudebat Christophorus Plantinus, 1572. |5 SNK IA 604 | ||
| 504 | |a Text radených do troch stĺpcov, kustody | ||
| 508 | |a Predslov | ||
| 510 | 4 | |a WorldCat |c 919851059 | |
| 546 | |a Latinčina |b Antikva |b Kurzíva | ||
| 546 | |a Chaldejčina |b Kurzíva | ||
| 546 | |a Sýrčina |b Kurzíva | ||
| 650 | 0 | 7 | |a lingvistika |2 SNKPH |9 860 |
| 650 | 0 | 7 | |a gramatika |2 SNKPH |9 865 |
| 650 | 0 | 7 | |a sýrčina |2 SNKPH |9 49292 |
| 650 | 0 | 7 | |a chaldejčina |2 SNKPH |9 431060 |
| 710 | 2 | |a Františkáni (Bratislava, Slovensko) |4 fmo |9 281881 | |
| 852 | |a snk |p IA 604/prív.5 | ||
| 958 | |a DA | ||
| 958 | |a ONDV | ||
| 999 | |c 1212947 |d 1214877 | ||
| 952 | |t Tlače 16. storočia |a SNK |b SNK |c SNK_HF |y PREZ |7 0 |p 17A1359018 |o snkIA 604/prív.5 |i snkF 1132/79 |z 5. príväzok |0 0 |1 0 |4 0 |d 2021-09-13 |l 0 |r 2026-02-24 23:18:37 |w 2026-02-24 | ||


